| 000 | 00000nam##2200000za#4500 |
| 001 | 9.605105 |
| 003 | CaOODSP |
| 005 | 20210624211940 |
| 007 | cr ||||||||||| |
| 008 | 150406|2008||||xxc|||||o f|0| 0 fre|d |
| 040 | |aCaOODSP|bfre |
| 043 | |an-cn--- |
| 086 | 1 |aTU3-5/08-27F-PDF |
| 110 | 2 |aBureau de la sécurité des transports du Canada. |
| 245 | 10|aPerte de références visuelles et collision avec la surface gelée d'un lac de l'hélicoptère Bell 206B III Jet Ranger C-GBKX au réservoir Gouin (Québec), le 19 mars 2008 |h[ressource électronique] |
| 260 | |aGatineau - Québec : |bBureau de la sécurité des transports du Canada |c[2008]. |
| 300 | |a11p.|bill. en couleur, graphique, références |
| 490 | 1 |aRapport d'enquête aéronautique |vA08Q0054 |
| 590 | |a13-02-Supp|b2013-01-11 |
| 775 | 08|tLoss of visual references – Collision with frozen lake surface, Bell 206B III Jet Ranger (Helicopter) C-GBKX Réservoir Gouin, Quebec, 19 March 2008 |w(CaOODSP)9.575607 |
| 830 | #0|aRapport d'enquête aéronautique ;|vA08Q0054|w(CaOODSP)9.501229 |
| 856 | 40|ahttp://publications.gc.ca|qPDF|s326 Ko|uhttps://publications.gc.ca/collections/collection_2012/bst-tsb/TU3-5-08-27-fra.pdf|yA08Q0054 |